Analýza v dolovaní dát
Guardado en:
| Autor principal: | |
|---|---|
| Otros Autores: | |
| Formato: | Manuscrito Libro |
| Lenguaje: | eslovaco |
| Publicado: |
2017
|
| Materias: | |
| Acceso en línea: | http://is.stuba.sk/zp/portal_zp.pl?podrobnosti=115998 |
| Etiquetas: |
Sin Etiquetas, Sea el primero en etiquetar este registro!
|
MARC
| LEADER | 00000ntm a22000003a 4500 | ||
|---|---|---|---|
| 001 | stuzp62431 | ||
| 003 | SK-STU | ||
| 005 | 20170727131928.0 | ||
| 007 | ta | ||
| 008 | 150427s2015----xo-----f-mn---000-0-slo-d | ||
| 040 | |a STU |b slo | ||
| 041 | 0 | |a slo | |
| 044 | |a xo | ||
| 100 | 1 | |a Džačovský, Matúš |u 035000 |4 aut |U FEI Fakulta elektrotechniky a informatiky |T FEI Ústav informatiky a matematiky |X 74659 |U E050 |Y 816 |7 74659 | |
| 242 | 0 | 1 | |a Data mining |y eng |
| 245 | 1 | 0 | |a Analýza v dolovaní dát |
| 260 | |c 2017 | ||
| 300 | |a 41 s., príl., |b CD-ROM | ||
| 650 | 4 | |a dolovanie dát |2 slo | |
| 650 | 4 | |a časové rady |2 slo | |
| 650 | 4 | |a Kalmanov filter |2 slo | |
| 650 | 4 | |a RapidMiner |2 slo | |
| 650 | 4 | |a RapidMiner |2 eng | |
| 650 | 4 | |a data mining |2 eng | |
| 650 | 4 | |a time serries |2 eng | |
| 650 | 4 | |a Kalman filter |2 eng | |
| 700 | 1 | |a Marček, Stanislav |u 035000 |k Z1 |4 ths |U FEI Fakulta elektrotechniky a informatiky |T FEI Ústav informatiky a matematiky |X 27068 |U E050 |Y 816 |7 A000027068 | |
| 856 | 4 | |u http://is.stuba.sk/zp/portal_zp.pl?podrobnosti=115998 | |
| 996 | |b 284ER02495 |c E*Bc- 2495 |l EE35 |s P |a 0 |w stuzp62431_0001 | ||